000 00301nam a2200133Ia 4500
005 20251222141841.0
008 251222s9999||||xx |||||||||||||| ||spa||
020 _a84-7927-210-4
082 _a370.152/D57
100 _aDennison, Paul E.
245 0 _aBrain Gym:
264 _bRobinbook
942 _cLIB
999 _c7410
_d7410